[Event "FIDE World Rapid Team"]
[Site "London ENG"]
[Date "2025.06.11"]
[Round "2.4"]
[White "Loftgaard, Mikkel Vinh"]
[Black "Bharat Kumar, Balahari"]
[Result "1/2-1/2"]
[WhiteTitle "FM"]
[WhiteElo "2243"]
[BlackElo "2052"]
[WhiteTeam "¡Ållez-Y Initiative!"]
[BlackTeam "Desert Penguins"]
[WhiteFideId "1468480"]
[BlackFideId "496464"]
[EventDate "2025.06.11"]
[EventType "team"]

1. e4 c5 2. Nf3 d6 3. Bb5+ Nd7 4. d4 cxd4 5. O-O a6 6. Bxd7+ Bxd7 7. Qxd4 Nf6 8.
Bg5 Bc6 9. Bxf6 gxf6 10. Nc3 e6 11. Rfe1 Be7 12. Nd5 O-O 13. Nxe7+ Qxe7 14. Rad1
Rfd8 15. Qe3 Kh8 16. Qf4 Rd7 17. Rd3 Rg8 18. Red1 f5 19. exf5 Qf6 20. Rxd6 Rxd6
21. Rxd6 Qxb2 22. g3 Qa1+ 23. Kg2 e5 24. Qh6 Bxf3+ 25. Kxf3 Qh1+ 26. Ke2 Qe4+
27. Kf1 Qh1+ 28. Ke2 Qe4+ 29. Kd1 Qxf5 30. Qf6+ Qxf6 31. Rxf6 Rd8+ 32. Ke2 Kg7
33. Rb6 Rd7 34. Ke3 Rc7 35. Kd3 Rd7+ 36. Ke2 Rc7 37. Kd2 Rd7+ 38. Kc1 f6 39. Rb4
Kg6 40. f4 Kf5 41. g4+ Kxg4 42. fxe5+ Kf5 43. exf6 Kxf6 44. Rh4 Kg5 45. Rh3 h5
46. Rg3+ Kf4 47. Kb2 h4 48. Rd3 Rc7 49. Rd4+ Kg5 50. Rd5+ Kg4 51. Rd3 Rf7 52.
h3+ Kg5 53. c4 Rc7 54. Rd4 Rf7 55. Rd3 Kf4 56. Kc3 Rg7 57. Kb4 Rg3 58. Rd4+ Kg5
59. Rd5+ Kf4 60. Rd4+ Kg5 61. Rd5+ Kf4 1/2-1/2

[Event "FIDE World Rapid Team"]
[Site "London ENG"]
[Date "2025.06.11"]
[Round "2.5"]
[White "Sedykh, Stakhey"]
[Black "Jalving, August"]
[Result "0-1"]
[BlackTitle "CM"]
[WhiteElo "1756"]
[BlackElo "2306"]
[WhiteTeam "Desert Penguins"]
[BlackTeam "¡Ållez-Y Initiative!"]
[WhiteFideId "453064"]
[BlackFideId "1471759"]
[EventDate "2025.06.11"]
[EventType "team"]

1. c4 e5 2. g3 c6 3. Bg2 Nf6 4. Nc3 Bc5 5. e3 Qe7 6. Nge2 d6 7. O-O Bf5 8. d4
Bb6 9. Bd2 O-O 10. Re1 Nbd7 11. b4 Bc7 12. Qb3 e4 13. b5 Nb6 14. Na4 cxb5 15.
cxb5 Be6 16. Qc2 Rfc8 17. Nxb6 Bxb6 18. Nc3 Ba5 19. Rec1 Bxc3 20. Bxc3 Bc4 21.
a4 Qe6 22. Qb2 d5 23. Bb4 h5 24. h3 Nh7 25. Re1 Ng5 26. Kh2 Qf6 27. Rac1 h4 28.
g4 Nf3+ 29. Bxf3 Qxf3 30. Bd6 Bd3 31. Bf4 Rc4 32. Rxc4 dxc4 33. Bg5 c3 34. Qa2
c2 35. Bxh4 Rc8 36. Rc1 Bf1 37. Rxf1 c1=Q 38. Qa1 Qxa1 39. Rxa1 Rc2 40. Rf1 f5
41. gxf5 Qxf5 42. Bg3 Qd5 43. Be5 Qf7 44. Bf4 Qc4 45. Kg2 Rc1 0-1

[Event "FIDE World Rapid Team"]
[Site "London ENG"]
[Date "2025.06.11"]
[Round "2.6"]
[White "McCallum, Elliot"]
[Black "Ding, Yihua"]
[Result "1-0"]
[WhiteElo "1924"]
[BlackElo "1536"]
[WhiteTeam "¡Ållez-Y Initiative!"]
[BlackTeam "Desert Penguins"]
[WhiteFideId "2645718"]
[BlackFideId "495999"]
[EventDate "2025.06.11"]
[EventType "team"]

1. e4 c5 2. c3 d5 3. exd5 Qxd5 4. d4 Nf6 5. Nf3 Bg4 6. dxc5 Qxc5 7. Be3 Qc7 8.
Nbd2 Nc6 9. h3 Bh5 10. Bc4 e6 11. O-O Be7 12. Qc2 Bg6 13. Qb3 O-O 14. Nd4 Na5
15. Qa4 Nxc4 16. Nxc4 Bd3 17. Nd2 Bxf1 18. Rxf1 Nd5 19. Nc4 Nxe3 20. Nxe3 Rfd8
21. Rd1 Qd7 22. Qc2 Qc7 23. Qe4 Bg5 24. Ng4 Qe7 25. Ne5 Bf6 26. Re1 Rd5 27. Ng4
Rh5 28. Nxf6+ Qxf6 29. Qxb7 Rf8 30. Qxa7 h6 31. b4 Rd5 32. Qb7 Qd8 33. Nc6 1-0

[Event "FIDE World Rapid Team"]
[Site "London ENG"]
[Date "2025.06.11"]
[Round "2.1"]
[White "Fernandez, Daniel Howard"]
[Black "Gurevich, Artjom"]
[Result "1-0"]
[WhiteTitle "GM"]
[WhiteElo "2484"]
[BlackElo "2183"]
[WhiteTeam "English Knightmares"]
[BlackTeam "Equity Bank, Kenya"]
[WhiteFideId "5801605"]
[BlackFideId "2603870"]
[EventDate "2025.06.11"]
[EventType "team"]

1. e4 d5 2. exd5 Nf6 3. Nf3 Nxd5 4. b3 Bg4 5. Bb2 e6 6. g3 Nd7 7. Bg2 N7f6 8.
O-O Be7 9. d4 O-O 10. c4 Nb6 11. Nbd2 Nbd7 12. h3 Bxf3 13. Nxf3 c6 14. Qe2 Qc7
15. h4 Rfe8 16. Ne5 Nxe5 17. dxe5 Nd7 18. h5 a5 19. f4 a4 20. Kh2 Qb6 21. f5 Bf8
22. f6 axb3 23. fxg7 Bxg7 24. h6 Bf8 25. Qg4+ Kh8 26. Rxf7 Bxh6 27. Rxd7 Rxa2
28. Qh5 Rd8 29. Rxd8+ Qxd8 30. Rxa2 bxa2 31. Qxh6 1-0

[Event "FIDE World Rapid Team"]
[Site "London ENG"]
[Date "2025.06.11"]
[Round "2.2"]
[White "Andiwoh, Moses"]
[Black "Badacsonyi, Stanley"]
[Result "0-1"]
[BlackTitle "FM"]
[WhiteElo "1796"]
[BlackElo "2300"]
[WhiteTeam "Equity Bank, Kenya"]
[BlackTeam "English Knightmares"]
[WhiteFideId "10801502"]
[BlackFideId "486973"]
[EventDate "2025.06.11"]
[EventType "team"]

1. e4 e6 2. d4 d5 3. Nd2 h6 4. g3 c5 5. c3 cxd4 6. cxd4 dxe4 7. Nxe4 Bb4+ 8. Nc3
Nc6 9. Be3 Nge7 10. Bg2 O-O 11. Ne2 Nf5 12. O-O Nxe3 13. fxe3 Bd7 14. a3 Be7 15.
e4 Rc8 16. Kh1 Na5 17. b4 Nc4 18. Qd3 b5 19. d5 Bf6 20. Rf3 Ne5 21. Qe3 Nxf3 22.
Bxf3 exd5 23. exd5 Re8 24. Qd3 Rxe2 25. Qxe2 Rxc3 26. Ra2 Rc1+ 27. Kg2 Qc8 28.
Qe4 Bf5 29. Qe3 Rc2+ 30. Rxc2 Qxc2+ 31. Be2 Qe4+ 0-1

[Event "FIDE World Rapid Team"]
[Site "London ENG"]
[Date "2025.06.11"]
[Round "2.3"]
[White "Shearsby, Jude"]
[Black "Mutisya, Jully"]
[Result "1-0"]
[WhiteTitle "CM"]
[BlackTitle "WCM"]
[WhiteElo "2160"]
[BlackElo "1822"]
[WhiteTeam "English Knightmares"]
[BlackTeam "Equity Bank, Kenya"]
[WhiteFideId "462527"]
[BlackFideId "10814922"]
[EventDate "2025.06.11"]
[EventType "team"]

1. e4 g6 2. d4 Bg7 3. Nc3 d6 4. Be3 a6 5. h4 h5 6. Nf3 Nf6 7. Ng5 Ng4 8. Bf4 e5
9. dxe5 Nxe5 10. Qd2 b5 11. Bxe5 dxe5 12. Qxd8+ Kxd8 13. Nxf7+ Ke7 14. Nxh8 Bxh8
15. Nd5+ Kd8 16. O-O-O Bd7 17. g3 Nc6 18. Bh3 Nd4 19. Bxd7 Kxd7 20. c3 Ne2+ 21.
Kd2 Nd4 22. cxd4 exd4 23. Rc1 Re8 24. Rxc7+ Kd6 25. Kd3 Re5 26. Rhc1 1-0

[Event "FIDE World Rapid Team"]
[Site "London ENG"]
[Date "2025.06.11"]
[Round "2.4"]
[White "Kabugu, Njagi"]
[Black "Banerjee, Supratit"]
[Result "0-1"]
[BlackTitle "FM"]
[WhiteElo "1682"]
[BlackElo "2311"]
[WhiteTeam "Equity Bank, Kenya"]
[BlackTeam "English Knightmares"]
[WhiteFideId "10806075"]
[BlackFideId "2410079"]
[EventDate "2025.06.11"]
[EventType "team"]

1. e4 g6 2. d3 Bg7 3. Nc3 d6 4. Be3 c5 5. Qd2 Nc6 6. Nge2 e5 7. f4 Nge7 8. fxe5
dxe5 9. h3 Nd4 10. O-O-O Be6 11. Kb1 a6 12. Bh6 Kf8 13. g4 b5 14. Bg2 Ng8 15.
Be3 Ne7 16. Rhf1 Qd7 17. Ng3 b4 18. Nce2 Rc8 19. c3 bxc3 20. Nxc3 h6 21. Qf2 Nb5
22. Nd5 Nxd5 23. exd5 Bxd5 24. Bxc5+ Kg8 25. Ne4 Rc6 26. Bb4 Kh7 27. g5 h5 28.
Nc5 Rxc5 29. Bxc5 Be6 30. Be4 Rb8 31. Rc1 a5 32. Qe2 Nd4 33. Qxh5+ Kg8 34. Qd1
Qb5 35. Bxd4 exd4 36. Rf2 Bf8 37. Qe2 Qa4 38. Rc4 Bxc4 39. dxc4 Re8 40. Rf4 Bd6
41. Rg4 d3 42. Qxd3 Be5 43. Bxg6 fxg6 44. Qxg6+ Bg7 45. Rg1 Re2 0-1

[Event "FIDE World Rapid Team"]
[Site "London ENG"]
[Date "2025.06.11"]
[Round "2.5"]
[White "Hng, Mei-En Emmanuelle"]
[Black "Ongono, Victor"]
[Result "1-0"]
[WhiteTitle "WFM"]
[WhiteElo "2136"]
[BlackElo "1560"]
[WhiteTeam "English Knightmares"]
[BlackTeam "Equity Bank, Kenya"]
[WhiteFideId "5804566"]
[BlackFideId "10805214"]
[EventDate "2025.06.11"]
[EventType "team"]

1. Nf3 Nf6 2. c4 e6 3. d4 Be7 4. Nc3 d6 5. e4 Nbd7 6. e5 dxe5 7. dxe5 Ng8 8. Be2
b6 9. O-O Bb7 10. Bf4 f6 11. Nb5 c5 12. exf6 Ngxf6 13. Nc7+ Kf7 14. Ng5+ Kg8 15.
Ngxe6 Qc8 16. Nxa8 Bxa8 17. Bf3 Kf7 18. Ng5+ Kf8 19. Re1 h6 20. Ne6+ Kf7 21.
Nxg7 Rd8 22. Bd5+ Nxd5 23. Qh5+ Kxg7 24. Bxh6+ Kg8 25. Qg6+ 1-0

[Event "FIDE World Rapid Team"]
[Site "London ENG"]
[Date "2025.06.11"]
[Round "2.6"]
[White "Kuka Kyle"]
[Black "Ivanov, George"]
[Result "1-0"]
[WhiteElo "1892"]
[BlackElo "1879"]
[WhiteTeam "Equity Bank, Kenya"]
[BlackTeam "English Knightmares"]
[WhiteFideId "10831533"]
[BlackFideId "427292"]
[EventDate "2025.06.11"]
[EventType "team"]

1. e4 c5 2. c3 g6 3. d4 Nc6 4. Nf3 cxd4 5. cxd4 Bg7 6. Nc3 d6 7. h3 Nf6 8. Be2
O-O 9. O-O d5 10. e5 Ne4 11. Be3 Nxc3 12. bxc3 Be6 13. Ng5 Bf5 14. c4 Rc8 15.
cxd5 Qxd5 16. f4 h6 17. Bf3 Qa5 18. Ne4 Nb4 19. Rf2 Nd5 20. Bd2 Qd8 21. g4 Bxe4
22. Bxe4 Rc4 23. Be1 Nxf4 24. Rxf4 Rxd4 25. Qe2 Bxe5 26. Rf1 Rxe4 27. Qxe4 Bxa1
28. Bf2 Bg7 29. Qxb7 Bd4 30. Kg2 Bxf2 31. Rxf2 Qa8 32. Rb2 e6 33. Kf3 Kg7 34.
Kf4 Qxb7 35. Rxb7 Ra8 36. a4 Kf6 37. a5 a6 38. h4 e5+ 39. Ke4 h5 40. gxh5 gxh5
41. Rb6+ Ke7 42. Kxe5 Kd7 43. Rd6+ Kc7 44. Rf6 Re8+ 45. Kf5 Re7 46. Rxa6 Kb7 47.
Rf6 Rc7 48. Kg5 Rd7 49. Kxh5 Rd5+ 50. Kh6 Rxa5 51. Rxf7+ Kc6 52. Kg6 Ra2 53. Rf5
Kd6 54. h5 Ke7 55. h6 Ra6+ 56. Kg7 Ra7 57. Rf7+ 1-0

[Event "FIDE World Rapid Team"]
[Site "London ENG"]
[Date "2025.06.11"]
[Round "3.1"]
[White "Firouzja, Alireza"]
[Black "Nihal, Sarin"]
[Result "1-0"]
[WhiteTitle "GM"]
[BlackTitle "GM"]
[WhiteElo "2766"]
[BlackElo "2696"]
[WhiteTeam "WR Chess Team"]
[BlackTeam "Ashdod Elit Chess Club"]
[WhiteFideId "12573981"]
[BlackFideId "25092340"]
[EventDate "2025.06.11"]
[EventType "team"]

1. e4 e5 2. Nf3 Nc6 3. Bb5 a6 4. Ba4 Nf6 5. O-O Be7 6. Re1 b5 7. Bb3 O-O 8. h3
Bb7 9. d3 Na5 10. Nxe5 Nxb3 11. axb3 d5 12. exd5 Qxd5 13. Qf3 Bd6 14. Kf1 Rae8
15. Nc3 Qxf3 16. Nxf3 Rxe1+ 17. Kxe1 Ra8 18. Kf1 Nd5 19. Ne4 Be7 20. Bd2 f5 21.
Nc3 Nb4 22. Nd4 g6 23. Nce2 c5 24. Bxb4 cxb4 25. c4 Rd8 26. cxb5 axb5 27. Ra5
Bf6 28. Rxb5 Ba6 29. Rxb4 Bxd3 30. Ke1 Rd7 31. f3 Kf7 32. Ra4 Rd6 33. g3 Bxe2
34. Nxe2 Rd3 35. Ra7+ Kg8 36. b4 Bxb2 37. f4 Rb3 38. Rb7 h5 39. h4 Kf8 40. b5
Bf6 41. Kd2 Ke8 42. Rb6 Ke7 43. Rb8 Rb2+ 44. Ke3 Rb3+ 45. Kf2 Kf7 46. Ke1 Rb1+
47. Kd2 Rb2+ 48. Kd1 Ke6 49. b6 Be7 50. Nd4+ Kd5 51. Kc1 Ba3 52. Rd8+ Ke4 53.
Nc2 Rxb6+ 54. Nxa3 Rb3 55. Nc2 Rxg3 56. Rd4+ Kf3 57. Kd2 Rg4 58. Ne1+ Kg3 59.
Ke3 Rxh4 60. Nf3 Rh1 61. Rd6 g5 62. fxg5 Rf1 63. Rd3 Ra1 64. g6 Ra4 65. g7 Rg4
66. Rd1 Re4+ 67. Kd3 Re8 68. Nd4 Rg8 69. Rg1+ Kf2 70. Rg5 h4 71. Rxf5+ Kg2 72.
Rg5+ Kf2 73. Ke4 h3 74. Nf3 Re8+ 75. Kf4 Rg8 76. Nh2 Ke2 77. Kf5 1-0

[Event "FIDE World Rapid Team"]
[Site "London ENG"]
[Date "2025.06.11"]
[Round "3.3"]
[White "Duda, Jan-Krzysztof"]
[Black "Gledura, Benjamin"]
[Result "1-0"]
[WhiteTitle "GM"]
[BlackTitle "GM"]
[WhiteElo "2725"]
[BlackElo "2668"]
[WhiteTeam "WR Chess Team"]
[BlackTeam "Ashdod Elit Chess Club"]
[WhiteFideId "1170546"]
[BlackFideId "712779"]
[EventDate "2025.06.11"]
[EventType "team"]

1. c4 Nf6 2. d4 e6 3. Nf3 d5 4. g3 Be7 5. Bg2 O-O 6. Qc2 a5 7. O-O Nbd7 8. Nbd2
c5 9. dxc5 Nxc5 10. Nb3 Nce4 11. Bf4 a4 12. Nbd4 Bc5 13. h3 Qb6 14. Rfd1 Re8 15.
e3 Bd7 16. Ne5 Bc6 17. Rac1 Rac8 18. g4 Red8 19. g5 Ne8 20. cxd5 Bxd4 21. Nc4
exd5 22. Nxb6 Bxb6 23. h4 f5 24. b3 a3 25. b4 d4 26. exd4 Bxd4 27. Qc4+ 1-0

[Event "FIDE World Rapid Team"]
[Site "London ENG"]
[Date "2025.06.11"]
[Round "3.4"]
[White "Moiseenko, Alexander"]
[Black "So, Wesley"]
[Result "1/2-1/2"]
[WhiteTitle "GM"]
[BlackTitle "GM"]
[WhiteElo "2568"]
[BlackElo "2745"]
[WhiteTeam "Ashdod Elit Chess Club"]
[BlackTeam "WR Chess Team"]
[WhiteFideId "14102560"]
[BlackFideId "5202213"]
[EventDate "2025.06.11"]
[EventType "team"]

1. d4 Nf6 2. c4 e6 3. Nc3 Bb4 4. Nf3 c5 5. g3 Nc6 6. Bg2 Ne4 7. Bd2 Nxd2 8. Qxd2
cxd4 9. Nxd4 Ne5 10. Nf3 Qc7 11. Nxe5 Qxe5 12. Rc1 O-O 13. O-O Rb8 14. a3 Be7
15. Rfd1 a6 16. Ne4 b5 17. c5 a5 18. b4 axb4 19. axb4 Bb7 20. Qxd7 Bxe4 21. Qxe7
Bxg2 22. Kxg2 Qe4+ 23. Kg1 Qxb4 24. Qd7 h5 25. c6 h4 26. c7 Rbc8 27. Qd6 Qe4 28.
e3 h3 29. Qc6 Qxc6 30. Rxc6 Rfe8 31. f3 Kf8 32. Kf2 Re7 33. Rd8+ Re8 34. Rd2 Re7
35. Rdc2 b4 36. g4 b3 37. Rb2 Rcxc7 38. Rxc7 Rxc7 39. Rxb3 Rc2+ 40. Kg3 Rg2+ 41.
Kxh3 Rg1 42. Rb2 Ke7 43. Rg2 Re1 44. e4 g5 45. Kg3 Rf1 46. Ra2 Kf6 47. Ra5 Rg1+
48. Kf2 Rh1 49. Kg2 Re1 50. Ra8 Kg7 51. h3 Rb1 52. Ra2 Re1 53. Kg3 Rg1+ 54. Kf2
Rh1 55. Kg2 Re1 56. Ra5 Kf6 57. Rb5 Ra1 58. Kg3 Rg1+ 59. Kf2 Rh1 1/2-1/2

[Event "FIDE World Rapid Team"]
[Site "London ENG"]
[Date "2025.06.11"]
[Round "3.5"]
[White "Kosteniuk, Alexandra"]
[Black "Osmak, Yuliia"]
[Result "1/2-1/2"]
[WhiteTitle "GM"]
[BlackTitle "IM"]
[WhiteElo "2474"]
[BlackElo "2468"]
[WhiteTeam "WR Chess Team"]
[BlackTeam "Ashdod Elit Chess Club"]
[WhiteFideId "4128125"]
[BlackFideId "14101602"]
[EventDate "2025.06.11"]
[EventType "team"]

1. e4 e6 2. d4 d5 3. exd5 exd5 4. Bf4 Bd6 5. Qd2 Ne7 6. Nc3 c6 7. O-O-O O-O 8.
Bxd6 Qxd6 9. h4 b5 10. h5 h6 11. Bd3 Nd7 12. g4 Nb6 13. g5 b4 14. Nce2 Nc4 15.
Bxc4 dxc4 16. gxh6 Qxh6 17. Qxh6 gxh6 18. Nf3 Kh7 19. Ne5 Be6 20. Nf4 Bd5 21.
Rhg1 Rg8 22. Nd7 Rxg1 23. Rxg1 Ng8 24. c3 a5 25. Re1 Rd8 26. Nc5 Kg7 27. Re5 Nf6
28. Re7 Kf8 29. Ra7 Re8 30. Kd2 Bf3 31. Rxa5 Nd5 32. Nd7+ Kg7 33. Rxd5 bxc3+ 34.
Kxc3 cxd5 35. a4 Ra8 36. Kb4 Rd8 37. Nb6 Kf6 38. Kc5 Kg5 39. Nfxd5 Kxh5 40. a5
Kg5 41. Ne3 h5 42. d5 h4 43. Nf1 Be2 44. Nh2 Kf4 45. a6 c3 46. bxc3 Bxa6 47. d6
Be2 48. d7 Ke5 49. Kc6 Ke4 50. Kc7 Rh8 51. Nc8 f5 52. Nd6+ Kd3 53. Nxf5 Kxc3 54.
Nxh4 Kd4 55. N2f3+ Ke4 56. Ng5+ Kd4 57. Nf5+ Kc3 58. Nd6 Ra8 59. d8=Q Rxd8 60.
Kxd8 Kd4 61. f4 Bg4 62. Ke7 Ke3 63. f5 Bxf5 64. Nxf5+ Kd3 65. Kd6 Kc4 66. Ne4
Kd3 67. Kd5 Ke2 68. Nd4+ Ke3 69. Ke5 Kd3 70. Nd6 Ke3 71. Nc4+ Kd3 72. Kd5 Kc3
73. Ne5 Kb4 74. Ne2 Kb5 75. Nc3+ Kb4 76. Kd4 Kb3 77. Nc6 Kc2 78. Na5 Kd2 79.
Nb3+ Kc2 80. Kc4 Kb2 81. Nd4 Kc1 82. Ne4 Kb2 83. Kb4 Kc1 84. Kc3 Kd1 85. Kd3 Ke1
86. Ke3 Kd1 87. Nc3+ Kc1 88. Kd3 Kb2 89. Ncb5 Kc1 90. Nc2 Kb2 91. Nbd4 Kc1 1/2-1/2

[Event "FIDE World Rapid Team"]
[Site "London ENG"]
[Date "2025.06.11"]
[Round "3.1"]
[White "Aronian, Levon"]
[Black "Rapport, Richard"]
[Result "1-0"]
[WhiteTitle "GM"]
[BlackTitle "GM"]
[WhiteElo "2742"]
[BlackElo "2714"]
[WhiteTeam "Hexamind Chess Team"]
[BlackTeam "KazChess"]
[WhiteFideId "13300474"]
[BlackFideId "738590"]
[EventDate "2025.06.11"]
[EventType "team"]

1. e4 c5 2. Nc3 Nc6 3. Nge2 Nf6 4. d4 cxd4 5. Nxd4 e5 6. Ndb5 d6 7. Nd5 Nxd5 8.
exd5 Nb8 9. a4 Be7 10. Be2 O-O 11. O-O Nd7 12. b4 a6 13. Na3 b6 14. Nc4 Rb8 15.
Be3 f5 16. f3 f4 17. Bf2 Rf6 18. Bd3 Qe8 19. g4 fxg3 20. Bxg3 Rf8 21. f4 b5 22.
axb5 axb5 23. Na5 Bf6 24. Nc6 exf4 25. Bxf4 Bxa1 26. Qxa1 Rb7 27. Re1 Ne5 28.
Bxe5 dxe5 29. Qxe5 Qxe5 30. Rxe5 g6 31. Re7 Rxe7 32. Nxe7+ Kf7 33. Nc6 Bf5 34.
Bxb5 Bxc2 35. Bc4 Kf6 36. Kf2 Bf5 37. b5 Rf7 38. Ke3 g5 39. Kd4 g4 40. d6 Rg7
41. Bd5 Be6 42. b6 Bxd5 43. Kxd5 Rb7 44. Ne5 1-0

[Event "FIDE World Rapid Team"]
[Site "London ENG"]
[Date "2025.06.11"]
[Round "3.2"]
[White "Grischuk, Alexander"]
[Black "Murzin, Volodar"]
[Result "1/2-1/2"]
[WhiteTitle "GM"]
[BlackTitle "GM"]
[WhiteElo "2667"]
[BlackElo "2666"]
[WhiteTeam "KazChess"]
[BlackTeam "Hexamind Chess Team"]
[WhiteFideId "4126025"]
[BlackFideId "44155573"]
[EventDate "2025.06.11"]
[EventType "team"]

1. c4 c6 2. d4 d5 3. Nf3 Nf6 4. Nc3 e6 5. Bg5 h6 6. Bh4 Be7 7. e3 O-O 8. Bd3
dxc4 9. Bxc4 c5 10. dxc5 Qxd1+ 11. Rxd1 Bxc5 12. O-O a6 13. Ne5 Bb4 14. Rd4 Bc5
15. Rd3 b5 16. Bb3 Bb7 17. Rc1 Rc8 18. Ne2 Bb6 19. Rxc8+ Bxc8 20. Rd1 Ra7 21.
Rc1 1/2-1/2

[Event "FIDE World Rapid Team"]
[Site "London ENG"]
[Date "2025.06.11"]
[Round "3.3"]
[White "Dominguez Perez, Leinier"]
[Black "Esipenko, Andrey"]
[Result "1/2-1/2"]
[WhiteTitle "GM"]
[BlackTitle "GM"]
[WhiteElo "2738"]
[BlackElo "2689"]
[WhiteTeam "Hexamind Chess Team"]
[BlackTeam "KazChess"]
[WhiteFideId "3503240"]
[BlackFideId "24175439"]
[EventDate "2025.06.11"]
[EventType "team"]

1. e4 e5 2. Nf3 Nf6 3. Nxe5 d6 4. Nf3 Nxe4 5. d4 d5 6. Bd3 Be7 7. O-O Bf5 8. Re1
Nc6 9. Nbd2 Nxd2 10. Qxd2 Qd7 11. Bxf5 Qxf5 12. Ne5 Nd8 13. c4 dxc4 14. Nxc4 Nc6
15. Ne5 Nb4 16. Nc4 Nc6 17. Qg5 Qxg5 18. Bxg5 Rd8 19. Na5 f6 20. Nxc6 bxc6 21.
Bf4 Rxd4 22. Bxc7 Kd7 23. Ba5 Rb8 24. Bc3 Rd5 25. Re4 Bc5 26. Rae1 h5 27. h3 a5
28. g4 hxg4 29. hxg4 f5 30. gxf5 Rxf5 31. Rd1+ Rd5 32. Rxd5+ cxd5 33. Rg4 Kc6
34. a4 d4 35. Bxd4 Bxd4 36. Rxd4 Rxb2 37. Rc4+ Kb6 38. Rg4 Rb4 39. Rg6+ Kc5 40.
Rg5+ Kb6 41. Rg6+ Kc5 42. Rg5+ 1/2-1/2

[Event "FIDE World Rapid Team"]
[Site "London ENG"]
[Date "2025.06.11"]
[Round "3.4"]
[White "Ansat, Aldiyar"]
[Black "Giri, Anish"]
[Result "0-1"]
[WhiteTitle "IM"]
[BlackTitle "GM"]
[WhiteElo "2489"]
[BlackElo "2748"]
[WhiteTeam "KazChess"]
[BlackTeam "Hexamind Chess Team"]
[WhiteFideId "13715658"]
[BlackFideId "24116068"]
[EventDate "2025.06.11"]
[EventType "team"]

1. e4 d6 2. d4 Nf6 3. Nc3 g6 4. Be3 Bg7 5. Nf3 O-O 6. Qd2 a6 7. O-O-O b5 8. e5
b4 9. Ne2 Ng4 10. Qxb4 Nxe3 11. fxe3 Bg4 12. h3 Bxf3 13. gxf3 c5 14. Qa3 Nc6 15.
f4 cxd4 16. exd4 Rc8 17. h4 dxe5 18. dxe5 Qb6 19. Rh3 a5 20. Kb1 Rfd8 21. Rhd3
Rxd3 22. cxd3 Nb4 23. Qb3 a4 24. Qxa4 Nd5 25. Rc1 Rxc1+ 26. Kxc1 Qe3+ 27. Kb1
Qxd3+ 28. Qc2 Qf3 29. Qc1 Ne3 30. Ng1 Qe4+ 31. Ka1 Nc2+ 32. Kb1 Ne3+ 33. Ka1
Qxf4 34. Bd3 Bxe5 35. Ne2 Qf3 36. a3 Kg7 37. Qc5 Bf6 38. Nc3 Bxh4 39. Ka2 Bf6
40. a4 Nd1 41. Nxd1 Qxd3 42. Nc3 h5 43. a5 h4 44. Nb5 h3 45. Qc6 h2 46. Nc7 Qd2
47. a6 Qxb2# 0-1

[Event "FIDE World Rapid Team"]
[Site "London ENG"]
[Date "2025.06.11"]
[Round "3.5"]
[White "Divya, Deshmukh"]
[Black "Kamalidenova, Meruert"]
[Result "1/2-1/2"]
[WhiteTitle "IM"]
[BlackTitle "IM"]
[WhiteElo "2463"]
[BlackElo "2330"]
[WhiteTeam "Hexamind Chess Team"]
[BlackTeam "KazChess"]
[WhiteFideId "35006916"]
[BlackFideId "13712802"]
[EventDate "2025.06.11"]
[EventType "team"]

1. e4 c5 2. c3 d5 3. exd5 Qxd5 4. d4 g6 5. Nf3 cxd4 6. cxd4 Nf6 7. Nc3 Qd8 8.
Bc4 Bg7 9. O-O O-O 10. h3 Nc6 11. a3 a6 12. Be3 b5 13. Ba2 Bb7 14. Qe2 e6 15.
Rac1 Rc8 16. Rfd1 Ne7 17. Bf4 Nfd5 18. Nxd5 Bxd5 19. Rxc8 Qxc8 20. Rc1 Qa8 21.
Bxd5 Nxd5 22. Be5 Rc8 23. Rc2 Bf8 24. Qd1 b4 25. axb4 f6 26. Bg3 Rxc2 27. Qxc2
Nxb4 28. Qc7 Qd5 29. Kh2 Qc6 30. Qd8 Kf7 31. Be5 Bg7 32. Ng5+ fxg5 33. Bxg7 Kxg7
34. Qe7+ Kg8 35. Qxb4 Kf7 36. Qb8 Qe4 37. g3 Qxd4 38. Kg1 Qc4 39. Qb7+ Kg8 40.
Qb8+ Kf7 41. Qb7+ Kg8 42. Qb8+ 1/2-1/2

[Event "FIDE World Rapid Team"]
[Site "London ENG"]
[Date "2025.06.11"]
[Round "3.1"]
[White "Van Foreest, Jorden"]
[Black "Abdusattorov, Nodirbek"]
[Result "1/2-1/2"]
[WhiteTitle "GM"]
[BlackTitle "GM"]
[WhiteElo "2687"]
[BlackElo "2767"]
[WhiteTeam "Knight Dance"]
[BlackTeam "Uzbekistan"]
[WhiteFideId "1039784"]
[BlackFideId "14204118"]
[EventDate "2025.06.11"]
[EventType "team"]

1. d4 Nf6 2. c4 e6 3. Nc3 d5 4. cxd5 exd5 5. Bf4 c6 6. e3 Bf5 7. Nf3 Bd6 8. Bxd6
Qxd6 9. Nh4 Bg4 10. Qc2 Nbd7 11. h3 Be6 12. Bd3 O-O 13. O-O c5 14. dxc5 Nxc5 15.
Rfd1 Qb6 16. Qe2 Nce4 17. Nb5 Rac8 18. Rac1 Bd7 19. Nd4 g6 20. Nhf3 Rfe8 21. Bb5
Bc6 22. b3 Rc7 23. Bd3 Bd7 24. Qb2 Rec8 25. Rxc7 Qxc7 26. Ne2 Nc3 27. Nxc3 Qxc3
28. Qxc3 Rxc3 29. Nd4 h5 30. Kh2 Kf8 31. Kg3 Ke7 32. Kf4 Rc8 33. Ke5 Be6 34. Kf4
g5+ 35. Kxg5 Rg8+ 36. Kf4 Rxg2 37. Kf3 Bxh3 38. Rh1 Ne4 39. Bxe4 dxe4+ 40. Kxe4
Bd7 41. Kf3 Rg5 42. e4 Ra5 43. a4 Rc5 44. Ke3 a5 45. f3 Kf6 46. Kf4 Be6 47. Rh2
Ke7 48. e5 Rc3 49. Rxh5 Bxb3 50. e6 Bxe6 51. Nxe6 Kxe6 52. Re5+ Kd6 53. Rxa5 Rb3
54. Kg4 b6 55. Ra6 Ke5 56. a5 bxa5 1/2-1/2

[Event "FIDE World Rapid Team"]
[Site "London ENG"]
[Date "2025.06.11"]
[Round "3.2"]
[White "Sindarov, Javokhir"]
[Black "Moussard, Jules"]
[Result "1-0"]
[WhiteTitle "GM"]
[BlackTitle "GM"]
[WhiteElo "2710"]
[BlackElo "2597"]
[WhiteTeam "Uzbekistan"]
[BlackTeam "Knight Dance"]
[WhiteFideId "14205483"]
[BlackFideId "642908"]
[EventDate "2025.06.11"]
[EventType "team"]

1. e4 e6 2. Nf3 d5 3. Nc3 d4 4. Ne2 c5 5. b4 a6 6. bxc5 Bxc5 7. Bb2 Nc6 8. c3
dxc3 9. Bxc3 Nf6 10. d4 Ba7 11. Ng3 O-O 12. Rc1 b5 13. Be2 Bb7 14. O-O Rc8 15.
Qd2 Bb6 16. Ba1 Rc7 17. Rcd1 Rd7 18. d5 exd5 19. e5 Ne8 20. Nf5 d4 21. Bd3 Ne7
22. Ng5 Nxf5 23. Bxf5 h6 24. Nh7 Re7 25. Nxf8 Rxe5 26. Bh3 Kxf8 27. Bxd4 Bxd4
28. Qxd4 Qxd4 29. Rxd4 Nf6 30. Rfd1 g5 31. f3 Bd5 32. a3 Kg7 33. Bc8 a5 34. Rb1
Bc6 35. Rc1 Be8 36. Kf2 Re7 37. Rc5 Ra7 38. h4 gxh4 39. Rxh4 Ra8 40. Rd4 Rb8 41.
Bf5 Rb6 42. Rd8 Kf8 43. Re5 b4 44. axb4 axb4 45. Bd7 b3 46. Rexe8+ Kg7 47. Bf5
Nxe8 48. Rxe8 b2 49. Bb1 Kf6 50. g4 Rb5 51. Rh8 h5 52. Rxh5 1-0